=LDR 00000nam 2200000 4500 =001 INLIS000000000000863 =005 20220617045600 =035 ##$$a 0010-1221000086 =245 1#$$a Proses Produksi Semen pada PT. Semen Bosowa Maros : $b Kuliah Kerja Praktek /$c Hermawati =100 #$$a HERMAWATI =250 ##$$a 2021 =300 ##$$a viii, 27 halaman : $b Gambar ; $c 20,5x28 cm =856 ##$$a OPAC (Rak LKKP TIA 2021) =260 ##$$a Makassar :$b Politeknik ATI Makassar - Teknik Industri Agro,$c 2021 =082 ##$$a (R)2021 LKKP-TIA 818 =084 ##$$a (R)2021 LKKP-TIA 818 HER p =650 #4$$a Laporan Praktek TIA 2021 =008 220617################|##########|#|## =990 ##$$a 123/LKKP TIA 2021